Anéis e módulos

محفوظ في:
التفاصيل البيبلوغرافية
المؤلف الرئيسي: Polcino Milies, Francisco César (autor)
التنسيق: كتاب
اللغة:البرتغالية
منشور في: Sao Paulo Instituto de Matemática e Estatística da Universidade de Sáo Paulo 1972
الطبعة:1a. ed
الموضوعات:
الوسوم: إضافة وسم
لا توجد وسوم, كن أول من يضع وسما على هذه التسجيلة!

MARC

LEADER 00000cam a2200000 a 4500
001 UCW0772
003 CL-VaPUC
008 890529e19720000BL |||||||||||||||||por|d
082 0 4 |a 512.4  |b POL  |2 21 
100 |a Polcino Milies, Francisco César  |e autor  |9 424053 
245 1 0 |a Anéis e módulos 
250 |a 1a. ed 
300 |a 199 p 
942 |c BK 
945 |d 19890529 00:00:00 
260 |a Sao Paulo  |b Instituto de Matemática e Estatística da Universidade de Sáo Paulo  |c 1972 
650 7 |a MODULOS ALGEBRA  |2 CL-VaPUC  |9 270076 
650 0 |a Anillos   |x Álgebra   |9 270077 
650 0 |a Álgebras topológicas   |9 270078 
583 |a last modification  |c 20171002 01:33:46  |k Rodrigo Vera 
999 |c 215831  |d 215829 
952 |0 0  |1 0  |4 0  |6 512_400000000000000_POL_1972  |7 0  |8 A  |9 200909  |a BIBMAT  |b BIBMAT  |d 2019-11-14  |i 2680300  |o 512.4 POL 1972  |p 2680300  |r 2025-01-07  |w 2019-11-14  |y BK  |k MAT 
952 |0 0  |1 0  |4 0  |6 512_400000000000000_POL_1972  |7 0  |8 A  |9 200910  |a BIBMAT  |b BIBMAT  |d 2019-11-14  |i 2680319  |o 512.4 POL 1972  |p 2680319  |r 2025-01-07  |w 2019-11-14  |y BK  |k MAT 
952 |0 0  |1 0  |4 0  |6 512_400000000000000_POL_1972  |7 0  |8 A  |9 200911  |a BIBMAT  |b BIBMAT  |d 2019-11-14  |i 2680327  |o 512.4 POL 1972  |p 2680327  |r 2025-01-07  |w 2019-11-14  |y BK  |k MAT 
952 |0 0  |1 0  |4 0  |6 512_400000000000000_POL_1972  |7 0  |8 A  |9 200912  |a BIBMAT  |b BIBMAT  |d 2019-11-14  |i 2680335  |o 512.4 POL 1972  |p 2680335  |r 2025-01-07  |w 2019-11-14  |y BK  |k MAT 
952 |0 0  |1 0  |4 0  |6 512_400000000000000_POL_1972  |7 0  |8 A  |9 200913  |a BIBMAT  |b BIBMAT  |d 2019-11-14  |i 2680343  |o 512.4 POL 1972  |p 2680343  |r 2025-01-07  |w 2019-11-14  |y BK  |k MAT 
952 |0 0  |1 0  |4 0  |6 512_400000000000000_POL_1972  |7 0  |8 A  |9 200914  |a BIBMAT  |b BIBMAT  |d 2019-11-14  |i 2680351  |o 512.4 POL 1972  |p 2680351  |r 2025-01-07  |w 2019-11-14  |y BK  |k MAT 
952 |0 0  |1 0  |4 0  |6 512_400000000000000_POL_1972  |7 0  |8 A  |9 200915  |a BIBMAT  |b BIBMAT  |d 2019-11-14  |i 2680378  |o 512.4 POL 1972  |p 2680378  |r 2025-01-07  |w 2019-11-14  |y BK  |k MAT 
952 |0 0  |1 0  |3 erb  |4 0  |6 512_400000000000000_POL_1972  |7 0  |8 A  |9 200916  |a BIBMAT  |b BIBMAT  |i 5427282  |o 512.4 POL 1972  |p 5427282  |r 2025-01-07  |w 2019-11-14  |y BK  |z Catalogado en:20171006  |k MAT